Evaluación del sustrato de biosólido en el cultivo del maíz (Zea mays) de la variedad NB-6 en el centro Experimental Agrícola (CEA-UNI) Tisma, Masaya
Presenta una evaluación del sustrato de biosólido en el cultivo del maíz, en el cual la gran cantidad de residuos que se producen hoy en día nuestro país ha generado la necesidad de ser reutilizables ya que en la actualidad la contaminación de las aguas ocupa un lugar muy prioritario a nivel m...
| Main Authors: | , |
|---|---|
| Other Authors: | |
| Format: | Tesis Section = Libro |
| Language: | Undetermined Spanish |
| Published: |
Managua
UNI
2014
|
| Subjects: |
| LEADER | 01437nam a2200265Ia 4500 | ||
|---|---|---|---|
| 008 | 240830s9999 xx 000 0 und d | ||
| 040 | |a BIBLIOTECA-RUPAP Mon 631.869 S586 | ||
| 041 | |a spa | ||
| 082 | |a Mon 631.869 S586 | ||
| 100 | 1 | |a Silva López, Silvia Elena | |
| 100 | 1 | |b Estrada Pérez, Yurivett | |
| 245 | 1 | 0 | |a Evaluación del sustrato de biosólido en el cultivo del maíz (Zea mays) de la variedad NB-6 en el centro Experimental Agrícola (CEA-UNI) Tisma, Masaya |
| 260 | |a Managua |b UNI |c 2014 | ||
| 300 | |a 170 p. :il. | ||
| 500 | |a Contiene: anexos e Incluye: CD. | ||
| 502 | |a Tesis (Ingeniero Agrícola)- UNI, 2014. | ||
| 520 | 3 | |a Presenta una evaluación del sustrato de biosólido en el cultivo del maíz, en el cual la gran cantidad de residuos que se producen hoy en día nuestro país ha generado la necesidad de ser reutilizables ya que en la actualidad la contaminación de las aguas ocupa un lugar muy prioritario a nivel mundial. El presente trabajo se pretende evaluar el sustrato de biosólido en el cultivo de maíz mediante la aplicación de 3 dosis, a fin de determinar, la sostenibilidad en la agricultura. | |
| 650 | 7 | |a DESECHOS ORGÁNICOS-ABONOS | |
| 650 | 7 | |b BIOSÓLIDOS-SEDIMENTO DE AGUA RESIDUALES | |
| 650 | 7 | |c FERTILIZANTES ORGÁNICOS | |
| 650 | 7 | |d CULTIVOS AGRÍCOLAS | |
| 700 | 1 | |a Tutor: |b Sotelo Contreras, Rosario Verónica | |
| 942 | |c BK |2 ddc | ||
| 991 | |a TESIS | ||
| 999 | |c 16730 | ||